000 00365 a2200145 4500
005 20250630094041.0
020 _a81-8054-134-7
082 _a344.1066 KAP
100 _aKAPOOR, N. D.
245 _aElements of Company Law.
250 _a27th Ed.
260 _aNew Delhi,
_bSultan Chand and Sons,
_c2005.
300 _axiv, 578p.:
_bGlossary
_c30cm
942 _2ddc
_cBKS
999 _c6468
_d6468